ABC's Quiz Stats

 Plays Quiz Updated Oct 16, 2018

Challenge
Share
Tweet
Embed
Score 0/45 Timer 07:00
2 Plays Today
% Correct
Black, Blue...
86.8%
Austria, Albania...
81.4%
Carter, Clinton...
81.2%
Belgium, Bulgaria...
79.7%
Carbon, Calcium...
78.7%
Albany, Austin...
76.2%
Buchanan, Bush
75.3%
Arthur, Adams
75.2%
Angels, Astros...
73.9%
Baton Rouge, Boston...
73%
Barium, Boron...
72.5%
Argon, Arsenic...
70%
Croatia, Cyprus...
68.2%
Brown, Blair...
66%
Cubs, Cardinals
64%
Carson City, Columbia...
62.5%
Braves, Brewers...
55.6%
Cindy, Carol
54.3%
Alice
52.4%
Bobby
51.2%
Crash, Chicago...
47.6%
Benedict, Boniface
47.3%
Churchill, Cameron...
44.2%
% Correct
Cats, Cabaret...
39.9%
Andromeda, Aries...
39.4%
Chelsea
35.8%
Arsenal, Aston Villa
34.1%
Charmander, Cubone...
31.9%
Birmingham City, Blackpool...
31.6%
Cancer, Cygnus...
28.8%
Bulbasaur, Blastoise...
28.2%
Cornflower, Canary...
26.2%
Abra, Alakazam...
25.4%
Apple, American Express
24.9%
Amadeus, Annie Hall...
24.3%
Aquamarine, Apricot...
20.7%
Annie, Avenue Q...
19.2%
Braveheart, Ben-Hur...
16.5%
Caterpillar, Coca-Cola...
16.3%
Alexander, Adrian...
13.2%
Clement, Constantine...
13.1%
Boeing
11%
Attlee, Asquith...
7.9%
Bye Bye Birdie, Big River...
6.9%
Boötes
2.6%

You're not logged in!

Compare scores with friends on all Sporcle quizzes.
OR
Log In

You Might Also Like...

Show Comments

Extras

Top Quizzes Today


Score Distribution

Your Account Isn't Verified!

In order to create a playlist on Sporcle, you need to verify the email address you used during registration. Go to your Sporcle Settings to finish the process.

Report this User

Report this user for behavior that violates our Community Guidelines.

Details: